000 00374nam a2200121Ia 4500
008 220615s9999||||xx |||||||||||||| ||und||
245 0 _aMultiple Myeloma
_bA Quick Reflection on the Fast Progress
546 _aEnglish[eng]
650 _aOncology
700 _aHajek, Roman
856 _uhttps://mts.intechopen.com/storage/books/3386/authors_book/authors_book.pdf
942 _cEB
999 _c8518
_d8518